000
00301nam a2200133Ia 4500
005
20251013221652.0
008
251010s9999 xx 000 0 und d
041
_a
eng
100
_a
Dickens ,. C.
_9
214365
245
_a
Tale Of Two Cities
250
_a
1ST
260
_b
UBSBD
_c
1992
300
_a
410
999
_c
368647
_d
368647